[Event "BCF-chT2 0102 (4NCL)"]
[Site "Birmingham"]
[Date "2002.05.04"]
[Round "9.8"]
[White "Lazhevskaya, Zhanni"]
[Black "Ball, Yasmin"]
[Result "1-0"]
[WhiteElo "2103"]
[BlackElo "1384"]
[PlyCount "77"]
[EventDate "2001.09.22"]
[EventType "team"]
[EventRounds "11"]
[EventCountry "ENG"]
[SourceTitle "EXT 2003"]
[Source "ChessBase"]
[SourceDate "2002.11.25"]
[SourceVersion "1"]
[SourceVersionDate "2002.11.25"]
[SourceQuality "1"]
[WhiteTeam "PYO"]
[BlackTeam "Slough II"]
[WhiteTeamCountry "ENG"]
[BlackTeamCountry "ENG"]

1. e4 e5 2. Nf3 Nf6 3. Nxe5 d6 4. Nf3 Nxe4 5. Nc3 Nxc3 6. dxc3 Bg4 7. h3 Bh5 8. Qd5 Bxf3 9. Qxf3 Nc6 10. Bb5 Qd7 11. 0-0 0-0-0 12. Bxc6 bxc6 13. b4 d5 14. Be3 a6 15. Qf4 Kb7 16. a4 Ra8 17. Qd4 f6 18. Rfb1 Kc8 19. Rd1 Bd6 20. b5 Be5 21. Qd3 a5 22. Rab1 Rd8 23. Rb3 h6 24. Rdb1 Qd6 25. f4 Bxc3 26. Rxc3 cxb5 27. Qxb5 Qa6 28. Rxc7+ Kxc7 29. Bb6+ Kd6 30. Qc5+ Ke6 31. Bxd8 Qa7 32. Re1+ Kf5 33. Bb6 Qd7 34. Re7 Qc8 35. Qxd5+ Kg6 36. Qf7+ Kf5 37. Qh5+ Kxf4 38. Be3+ Kg3 39. Rxg7+ 1-0